Manual de Derecho Procesal
Guardat en:
| Autor principal: | |
|---|---|
| Format: | Llibre |
| Idioma: | espanyol |
| Publicat: |
Santiago, Chile:
Jurídica de Chile,
2007
|
| Edició: | Sexta edición |
| Col·lecció: | Colección Manuales Jurídicos, 24,25,55,59
|
| Matèries: | |
| Etiquetes: |
Afegir etiqueta
Sense etiquetes, Sigues el primer a etiquetar aquest registre!
|
MARC
| LEADER | 00000cam a2200000 a 4500 | ||
|---|---|---|---|
| 001 | UCI0096 | ||
| 003 | CL-VaPUC | ||
| 005 | 20240819151145.0 | ||
| 008 | 070420e20070000CL |||||||||||||||||spa|d | ||
| 999 | |c 325385 |d 325383 | ||
| 020 | |a 9789561017573t.I | ||
| 020 | |a 9789561016071 o.c | ||
| 020 | |a 9789561017573 t.I | ||
| 020 | |a 9789561017580t.II | ||
| 020 | |a 9789561017597t.IV | ||
| 020 | |a 9789561017603t.V | ||
| 040 | |c Pontificia Universidad Católica de Valparaíso | ||
| 082 | 0 | 4 | |2 21 |a 347.83 CAS 2007 |
| 100 | 1 | |a Casarino Viterbo, Mario |e autor |9 889919 | |
| 245 | 1 | 0 | |a Manual de Derecho Procesal |
| 250 | |a Sexta edición | ||
| 260 | |a Santiago, Chile: |b Jurídica de Chile, |c 2007 | ||
| 300 | |a 5 tomos | ||
| 490 | 0 | |a Colección Manuales Jurídicos, 24,25,55,59 | |
| 505 | |a t.1-t.2: Derecho Procesal Orgánico | ||
| 505 | |a t.4-t.5: Derecho Procesal Civil | ||
| 583 | |c 20240704 | ||
| 650 | 1 | |a Derecho procesal penal |9 889940 | |
| 650 | 1 | |a Derecho procesal civil |9 258071 | |
| 650 | 1 | |a Demanda (Derecho) |9 889924 | |
| 650 | 1 | |a Recurso de apelación |9 380716 | |
| 650 | 1 | |a Recursos de casación |9 400928 | |
| 650 | 1 | |a Juicios especiales |9 348378 | |
| 650 | 1 | |a Actos judiciales no contenciosos |9 391844 | |
| 650 | 1 | 0 | |a Asistencia judicial |9 254864 |
| 650 | 1 | |a Procedimiento civil |9 254870 | |
| 650 | 1 | |a Administración de justicia |9 382749 | |
| 650 | 1 | |a Pruebas judiciales |9 889941 | |
| 650 | 1 | |a Nulidad procesal |9 336734 | |
| 650 | 1 | |a Acción procesal |9 384844 | |
| 650 | 1 | |a Juicios civiles |9 506779 | |
| 650 | 1 | |a Notificaciones procesales |9 385104 | |
| 942 | |c BK |2 ddc | ||
| 945 | |d 20070420 00:00:00 |a lvergara | ||
| 952 | |0 0 |1 0 |2 ddc |4 0 |6 347_830000000000000_CAS_2007 |7 0 |8 A |9 406140 |a BIBDER |b BIBDER |d 2019-11-22 |h t.I |i 4330587 |l 4 |o 347.83 CAS 2007 |p 4330587 |r 2024-11-12 |s 2024-11-07 |t 1 |w 2019-11-22 |y BK |k DER | ||
| 952 | |0 0 |1 0 |2 ddc |4 0 |6 347_830000000000000_CAS_2007 |7 0 |8 A |9 406141 |a BIBDER |b BIBDER |d 2019-11-22 |h t.II |i 4330595 |l 2 |o 347.83 CAS 2007 |p 4330595 |r 2024-11-11 |s 2024-11-06 |t 1 |w 2019-11-22 |y BK |k DER | ||
| 952 | |0 0 |1 0 |2 ddc |4 0 |6 347_830000000000000_CAS_2007 |7 0 |8 A |9 406142 |a BIBDER |b BIBDER |d 2019-11-22 |h t.IV |i 4330617 |l 1 |o 347.83 CAS 2007 |p 4330617 |r 2024-08-23 |s 2024-08-22 |t 1 |w 2019-11-22 |y BK |k DER | ||
| 952 | |0 0 |1 0 |2 ddc |4 0 |6 347_830000000000000_CAS_2007 |7 0 |8 A |9 406143 |a BIBDER |b BIBDER |d 2019-11-22 |h t.V |i 4330625 |l 1 |o 347.83 CAS 2007 |p 4330625 |r 2023-01-25 |s 2022-01-05 |t 1 |w 2019-11-22 |y BK |k DER | ||
| 952 | |0 0 |1 0 |2 ddc |4 0 |6 347_830000000000000_CAS_2007 |7 0 |8 A |9 406144 |a BIBDER |b BIBDER |d 2019-11-22 |h t.I |i 4373766 |l 5 |m 1 |o 347.83 CAS 2007 |p 4373766 |r 2024-12-12 |s 2024-12-04 |t 2 |w 2019-11-22 |y BK |k DER | ||
| 952 | |0 0 |1 0 |2 ddc |4 0 |6 347_830000000000000_CAS_2007 |7 0 |8 A |9 406145 |a BIBDER |b BIBDER |d 2019-11-22 |h t.II |i 4373774 |l 2 |o 347.83 CAS 2007 |p 4373774 |r 2024-12-10 |s 2024-12-04 |t 2 |w 2019-11-22 |y BK |k DER | ||
| 952 | |0 0 |1 0 |2 ddc |4 0 |6 347_830000000000000_CAS_2007 |7 0 |8 A |9 406146 |a BIBDER |b BIBDER |d 2019-11-22 |h t.IV |i 4373790 |l 1 |o 347.83 CAS 2007 |p 4373790 |r 2024-04-30 |s 2024-04-30 |t 2 |w 2019-11-22 |y BK |k DER | ||
| 952 | |0 0 |1 0 |2 ddc |4 0 |6 347_830000000000000_CAS_2007 |7 0 |8 A |9 406147 |a BIBDER |b BIBDER |d 2019-11-22 |h t.V |i 4373804 |o 347.83 CAS 2007 |p 4373804 |r 2023-01-25 |t 2 |w 2019-11-22 |y BK |k DER | ||
| 952 | |0 0 |1 0 |2 ddc |4 0 |6 347_830000000000000_CAS_2007 |7 0 |8 A |9 406148 |a BIBDER |b BIBDER |d 2019-11-22 |h t.I |i 4386299 |l 4 |o 347.83 CAS 2007 |p 4386299 |r 2024-09-16 |s 2024-09-06 |t 3 |w 2019-11-22 |y BK |k DER | ||
| 952 | |0 0 |1 0 |2 ddc |4 0 |6 347_830000000000000_CAS_2007 |7 0 |8 A |9 406149 |a BIBDER |b BIBDER |d 2019-11-22 |h t.I |i 4470990 |l 3 |o 347.83 CAS 2007 |p 4470990 |r 2024-09-12 |s 2024-09-06 |t 4 |w 2019-11-22 |y BK |k DER | ||
| 952 | |0 0 |1 0 |2 ddc |4 0 |6 347_830000000000000_CAS_2007 |7 0 |8 A |9 406150 |a BIBDER |b BIBDER |d 2019-11-22 |h t.II |i 4471008 |o 347.83 CAS 2007 |p 4471008 |r 2023-01-25 |t 3 |w 2019-11-22 |y BK |k DER | ||
| 952 | |0 0 |1 0 |4 0 |6 347_830000000000000_CAS_2007 |7 0 |8 A |9 406151 |a BIBDER |b BIBDER |d 2019-11-22 |h t.IV |i 4471024 |l 2 |m 1 |o 347.83 CAS 2007 |p 4471024 |r 2025-04-30 |s 2025-04-23 |w 2019-11-22 |y BK |k DER | ||
| 952 | |0 0 |1 0 |2 ddc |4 0 |6 347_830000000000000_CAS_2007 |7 0 |8 A |9 406152 |a BIBDER |b BIBDER |d 2019-11-22 |h t.V |i 4471032 |l 1 |o 347.83 CAS 2007 |p 4471032 |r 2023-01-25 |s 2022-03-09 |t 3 |w 2019-11-22 |y BK |k DER | ||
| 952 | |0 0 |1 0 |2 ddc |4 0 |6 347_830000000000000_CAS_2007 |7 0 |8 A |9 406153 |a BIBDER |b BIBDER |d 2019-11-22 |h t.I |i 4484797 |l 3 |o 347.83 CAS 2007 |p 4484797 |r 2024-11-07 |s 2024-11-04 |t 5 |w 2019-11-22 |y BK |k DER | ||
| 952 | |0 0 |1 0 |2 ddc |4 0 |6 347_830000000000000_CAS_2007 |7 0 |8 A |9 406154 |a BIBDER |b BIBDER |d 2019-11-22 |h t.I |i 449816K |l 1 |o 347.83 CAS 2007 |p 449816K |r 2024-09-13 |s 2024-09-06 |t 6 |w 2019-11-22 |y BK |k DER | ||
| 952 | |0 0 |1 0 |2 ddc |4 0 |6 347_830000000000000_CAS_2007 |7 0 |8 A |9 406155 |a BIBDER |b BIBDER |d 2019-11-22 |h t.I |i 4498178 |l 5 |o 347.83 CAS 2007 |p 4498178 |r 2024-11-08 |s 2024-11-05 |t 7 |w 2019-11-22 |y BK |k DER | ||
| 952 | |0 0 |1 0 |2 ddc |4 0 |6 347_830000000000000_CAS_2007 |7 0 |8 A |9 406156 |a BIBDER |b BIBDER |d 2019-11-22 |h t.II |i 4498186 |l 2 |o 347.83 CAS 2007 |p 4498186 |r 2024-12-12 |s 2024-12-04 |t 4 |w 2019-11-22 |y BK |k DER | ||
| 952 | |0 0 |1 0 |2 ddc |4 0 |6 347_830000000000000_CAS_2007 |7 0 |8 A |9 406157 |a BIBDER |b BIBDER |d 2019-11-22 |h t.II |i 4498194 |o 347.83 CAS 2007 |p 4498194 |r 2023-01-25 |t 5 |w 2019-11-22 |y BK |k DER | ||
| 952 | |0 0 |1 0 |2 ddc |4 0 |6 347_830000000000000_CAS_2007 |7 0 |8 A |9 406158 |a BIBDER |b BIBDER |d 2019-11-22 |h t.II |i 4484800 |l 1 |o 347.83 CAS 2007 |p 4484800 |r 2024-12-10 |s 2024-12-04 |t 6 |w 2019-11-22 |y BK |k DER | ||
| 952 | |0 0 |1 0 |2 ddc |4 0 |6 347_830000000000000_CAS_2007 |7 0 |8 A |9 406159 |a BIBDER |b BIBDER |d 2019-11-22 |h t.IV |i 4484827 |l 1 |o 347.83 CAS 2007 |p 4484827 |r 2024-09-23 |s 2024-09-09 |t 3 |w 2019-11-22 |y BK |k DER | ||
| 952 | |0 0 |1 0 |2 ddc |4 0 |6 347_830000000000000_CAS_2007 |7 0 |8 A |9 406160 |a BIBDER |b BIBDER |d 2019-11-22 |h t.V |i 4484835 |o 347.83 CAS 2007 |p 4484835 |r 2023-01-25 |t 4 |w 2019-11-22 |y BK |k DER | ||
| 952 | |0 0 |1 0 |2 ddc |3 erb |4 0 |6 347_830000000000000_CAS_2007 |7 0 |8 A |9 406174 |a FDOHBE |b FDOHBE |e Huesbe Llanos, Marco Antonio, 1934- |h t.III |i 5305268 |o 347.83 CAS 2007 |p 5305268 |r 2024-01-30 |w 2019-11-22 |y BK |z Catalogado en:20160520 |k HBE | ||
| 952 | |0 0 |1 0 |2 ddc |4 0 |6 347_830000000000000_CAS_2007 |7 0 |8 A |9 439919 |a BIBDER |b BIBDER |d 2019-11-22 |h t.IV |i 4726685 |l 5 |o 347.83 CAS 2007 |p 4726685 |r 2025-03-28 |s 2025-03-28 |t 4 |w 2019-11-22 |y BK |k DER | ||
| 952 | |0 0 |1 0 |2 ddc |4 0 |6 347_830000000000000_CAS_2007 |7 0 |8 A |9 439920 |a BIBDER |b BIBDER |d 2019-11-22 |h t.IV |i 4726693 |l 2 |o 347.83 CAS 2007 |p 4726693 |r 2025-05-02 |s 2025-04-25 |t 5 |w 2019-11-22 |y BK |k DER | ||
| 952 | |0 0 |1 0 |2 ddc |4 0 |6 347_830000000000000_CAS_2007 |7 0 |8 A |9 439921 |a BIBDER |b BIBDER |d 2019-11-22 |h t.IV |i 4726707 |l 4 |o 347.83 CAS 2007 |p 4726707 |r 2024-09-10 |s 2024-09-10 |t 6 |w 2019-11-22 |y BK |k DER | ||
| 952 | |0 0 |1 0 |2 ddc |4 0 |6 347_830000000000000_CAS_2007 |7 0 |8 A |9 439922 |a BIBDER |b BIBDER |d 2019-11-22 |h t.IV |i 4726715 |l 1 |m 6 |o 347.83 CAS 2007 |p 4726715 |q 2025-12-31 |r 2020-03-05 |s 2020-03-05 |t 7 |w 2019-11-22 |y BK |k DER | ||
| 952 | |0 0 |1 0 |2 ddc |4 0 |6 347_830000000000000_CAS_2007 |7 0 |8 A |9 439923 |a BIBDER |b BIBDER |d 2019-11-22 |h t.IV |i 4726723 |l 2 |o 347.83 CAS 2007 |p 4726723 |r 2025-04-30 |s 2025-04-23 |t 8 |w 2019-11-22 |y BK |k DER | ||
| 952 | |0 0 |1 0 |2 ddc |4 0 |6 347_830000000000000_CAS_2007 |7 0 |8 A |9 439924 |a BIBDER |b BIBDER |d 2019-11-22 |h t.V |i 4726731 |l 1 |o 347.83 CAS 2007 |p 4726731 |r 2025-05-09 |s 2025-05-02 |t 5 |w 2019-11-22 |y BK |k DER | ||
| 952 | |0 0 |1 0 |2 ddc |4 0 |6 347_830000000000000_CAS_2007 |7 0 |8 A |9 439925 |a BIBDER |b BIBDER |d 2019-11-22 |h t.V |i 472674K |l 2 |o 347.83 CAS 2007 |p 472674K |r 2023-01-25 |s 2022-07-11 |t 6 |w 2019-11-22 |y BK |k DER | ||
| 952 | |0 0 |1 0 |2 ddc |4 0 |6 347_830000000000000_CAS_2007 |7 0 |8 A |9 439926 |a BIBDER |b BIBDER |d 2019-11-22 |h t.V |i 4726758 |l 2 |o 347.83 CAS 2007 |p 4726758 |r 2023-01-25 |s 2022-04-07 |t 7 |w 2019-11-22 |y BK |k DER | ||
| 952 | |0 0 |1 0 |2 ddc |4 0 |6 347_830000000000000_CAS_2007 |7 0 |8 A |9 439928 |a BIBDER |b BIBDER |d 2019-11-22 |h t.V |i 4726774 |o 347.83 CAS 2007 |p 4726774 |r 2024-12-03 |t 9 |w 2019-11-22 |y BK |k DER | ||
| 952 | |0 0 |1 0 |2 ddc |4 0 |6 347_830000000000000_CAS_2007 |7 0 |8 A |9 439929 |a BIBDER |b BIBDER |d 2019-11-22 |h t.I |i 4743962 |l 7 |m 1 |o 347.83 CAS 2007 |p 4743962 |r 2024-12-10 |s 2024-11-28 |t 8 |w 2019-11-22 |y BK |k DER | ||
| 952 | |0 0 |1 0 |2 ddc |4 0 |6 347_830000000000000_CAS_2007 |7 0 |8 A |9 439930 |a BIBDER |b BIBDER |d 2019-11-22 |h t.I |i 4743970 |l 3 |m 1 |o 347.83 CAS 2007 |p 4743970 |r 2024-12-10 |s 2024-12-09 |t 9 |w 2019-11-22 |y BK |k DER | ||
| 952 | |0 0 |1 0 |2 ddc |4 0 |6 347_830000000000000_CAS_2007 |7 0 |8 A |9 439931 |a BIBDER |b BIBDER |d 2019-11-22 |h t.I |i 4743989 |l 4 |o 347.83 CAS 2007 |p 4743989 |r 2024-11-11 |s 2024-11-06 |t 10 |w 2019-11-22 |y BK |k DER | ||
| 952 | |0 0 |1 0 |2 ddc |4 0 |6 347_830000000000000_CAS_2007 |7 0 |8 A |9 439932 |a BIBDER |b BIBDER |d 2019-11-22 |h t.I |i 4743997 |l 5 |m 1 |o 347.83 CAS 2007 |p 4743997 |r 2024-12-10 |s 2024-12-09 |t 11 |w 2019-11-22 |y BK |k DER | ||
| 952 | |0 0 |1 0 |2 ddc |4 0 |6 347_830000000000000_CAS_2007 |7 0 |8 A |9 439933 |a BIBDER |b BIBDER |d 2019-11-22 |h t.I |i 4744004 |l 3 |o 347.83 CAS 2007 |p 4744004 |r 2024-12-05 |s 2024-11-28 |t 12 |w 2019-11-22 |y BK |k DER | ||
| 952 | |0 0 |1 0 |2 ddc |4 0 |6 347_830000000000000_CAS_2007 |7 0 |8 A |9 439934 |a BIBDER |b BIBDER |d 2019-11-22 |h t.I |i 4744012 |l 2 |m 2 |o 347.83 CAS 2007 |p 4744012 |q 2025-12-31 |r 2024-06-17 |s 2024-06-17 |t 13 |w 2019-11-22 |y BK |k DER | ||
| 952 | |0 0 |1 0 |2 ddc |4 0 |6 347_830000000000000_CAS_2007 |7 0 |8 A |9 439935 |a BIBDER |b BIBDER |d 2019-11-22 |h t.I |i 4744020 |l 1 |o 347.83 CAS 2007 |p 4744020 |r 2024-09-16 |s 2024-09-05 |t 14 |w 2019-11-22 |y BK |k DER | ||
| 952 | |0 0 |1 0 |2 ddc |4 0 |6 347_830000000000000_CAS_2007 |7 0 |8 A |9 439936 |a BIBDER |b BIBDER |d 2019-11-22 |h t.II |i 4744071 |l 1 |o 347.83 CAS 2007 |p 4744071 |r 2023-06-05 |s 2023-06-05 |t 7 |w 2019-11-22 |y BK |k DER | ||
| 952 | |0 0 |1 0 |2 ddc |4 0 |6 347_830000000000000_CAS_2007 |7 0 |8 A |9 439937 |a BIBDER |b BIBDER |d 2019-11-22 |h t.II |i 474408K |l 4 |o 347.83 CAS 2007 |p 474408K |r 2024-09-06 |s 2024-09-06 |t 8 |w 2019-11-22 |y BK |k DER | ||
| 952 | |0 0 |1 0 |2 ddc |4 0 |6 347_830000000000000_CAS_2007 |7 0 |8 A |9 439938 |a BIBDER |b BIBDER |d 2019-11-22 |h t.II |i 4744098 |o 347.83 CAS 2007 |p 4744098 |r 2023-01-25 |t 9 |w 2019-11-22 |y BK |k DER | ||
| 952 | |0 0 |1 0 |2 ddc |4 0 |6 347_830000000000000_CAS_2007 |7 0 |8 A |9 439939 |a BIBDER |b BIBDER |d 2019-11-22 |h t.II |i 4744101 |l 1 |m 1 |o 347.83 CAS 2007 |p 4744101 |r 2024-12-10 |s 2024-12-09 |t 10 |w 2019-11-22 |y BK |k DER | ||
| 952 | |0 0 |1 0 |2 ddc |4 0 |6 347_830000000000000_CAS_2007 |7 0 |8 A |9 439940 |a BIBDER |b BIBDER |d 2019-11-22 |h t.II |i 4744039 |l 2 |m 1 |o 347.83 CAS 2007 |p 4744039 |r 2023-01-25 |s 2020-03-11 |t 11 |w 2019-11-22 |y BK |k DER | ||
| 952 | |0 0 |1 0 |2 ddc |4 0 |6 347_830000000000000_CAS_2007 |7 0 |8 A |9 439941 |a BIBDER |b BIBDER |d 2019-11-22 |h t.II |i 4744047 |l 3 |o 347.83 CAS 2007 |p 4744047 |r 2024-12-10 |s 2024-12-09 |t 12 |w 2019-11-22 |y BK |k DER | ||
| 952 | |0 0 |1 0 |2 ddc |4 0 |6 347_830000000000000_CAS_2007 |7 0 |8 A |9 439942 |a BIBDER |b BIBDER |d 2019-11-22 |h t.II |i 4744055 |l 1 |m 1 |o 347.83 CAS 2007 |p 4744055 |r 2024-12-09 |s 2024-11-28 |t 13 |w 2019-11-22 |y BK |k DER | ||
| 952 | |0 0 |1 0 |2 ddc |4 0 |6 347_830000000000000_CAS_2007 |7 0 |8 A |9 439943 |a BIBDER |b BIBDER |d 2019-11-22 |h t.II |i 4744063 |l 1 |o 347.83 CAS 2007 |p 4744063 |r 2024-12-10 |s 2024-12-04 |t 14 |w 2019-11-22 |y BK |k DER | ||
| 952 | |0 0 |1 0 |2 ddc |4 0 |6 347_830000000000000_CAS_2007 |7 0 |8 A |9 439944 |a BIBDER |b BIBDER |d 2019-11-22 |h t.IV |i 474411K |l 1 |m 4 |o 347.83 CAS 2007 |p 474411K |q 2025-07-31 |r 2020-03-04 |s 2020-03-04 |t 9 |w 2019-11-22 |y BK |k DER | ||
| 952 | |0 0 |1 0 |2 ddc |4 0 |6 347_830000000000000_CAS_2007 |7 0 |8 A |9 439945 |a BIBDER |b BIBDER |d 2019-11-22 |h t.IV |i 4744128 |l 3 |m 1 |o 347.83 CAS 2007 |p 4744128 |r 2024-09-10 |s 2024-09-09 |t 10 |w 2019-11-22 |y BK |k DER | ||
| 952 | |0 0 |1 0 |2 ddc |4 0 |6 347_830000000000000_CAS_2007 |7 0 |8 A |9 439946 |a BIBDER |b BIBDER |d 2019-11-22 |h t.IV |i 4744136 |l 1 |m 5 |o 347.83 CAS 2007 |p 4744136 |q 2025-12-31 |r 2020-03-04 |s 2020-03-04 |t 11 |w 2019-11-22 |y BK |k DER | ||
| 952 | |0 0 |1 0 |2 ddc |4 0 |6 347_830000000000000_CAS_2007 |7 0 |8 A |9 439947 |a BIBDER |b BIBDER |d 2019-11-22 |h t.IV |i 4744144 |l 3 |o 347.83 CAS 2007 |p 4744144 |r 2023-07-10 |s 2023-07-04 |t 12 |w 2019-11-22 |y BK |k DER | ||
| 952 | |0 0 |1 0 |2 ddc |4 0 |6 347_830000000000000_CAS_2007 |7 0 |8 A |9 439948 |a BIBDER |b BIBDER |d 2019-11-22 |h t.IV |i 4744152 |o 347.83 CAS 2007 |p 4744152 |r 2023-01-25 |t 13 |w 2019-11-22 |y BK |k DER | ||
| 952 | |0 0 |1 0 |2 ddc |4 0 |6 347_830000000000000_CAS_2007 |7 0 |8 A |9 439950 |a BIBDER |b BIBDER |d 2019-11-22 |h t.V |i 4744179 |o 347.83 CAS 2007 |p 4744179 |r 2023-01-25 |t 11 |w 2019-11-22 |y BK |k DER | ||
| 952 | |0 0 |1 0 |2 ddc |4 0 |6 347_830000000000000_CAS_2007 |7 0 |8 A |9 439952 |a BIBDER |b BIBDER |d 2019-11-22 |h t.V |i 4744195 |l 2 |o 347.83 CAS 2007 |p 4744195 |r 2023-01-25 |s 2022-09-20 |t 13 |w 2019-11-22 |y BK |k DER | ||